000 00729cam a2200277 4500
008 090401t1996 xxu||||| |||| 00| 0 eng d
020 _a0582212596
035 _a(Sirsi) u67820
041 _aeng
050 _a691
100 _aDean, Yvonne
245 _aMaterials technology.
260 _aHarlow, Essex
_bLongman
_c1996
300 _ax,208p. : ill. ; 25cm.
350 _a18.99
490 _aMitchell's Building Series
650 _aBUILT ENVIRONMENT-BUILDING MATERIALS
650 _aCONCRETE
650 _aMASONRY
650 _aBUILT ENVIRONMENT-BUILDING MATERIALS-METAL
650 _aPOLYMERS
650 _aTIMBER
690 _aBUILT ENVIRONMENT-BUILDING MATERIALS
942 _n0
948 _c04/03/1997
999 _c95043
_d95043